Estatísticas para Países Aleatórios da Europa

Clique aqui para jogar o quiz

Estatísticas Gerais

  • Esse quiz foi jogado 424 vezes
  • A pontuação média é 11 de 15

Respostas no mapa

Respostas codificadas por cores de uma escala verde-vermelha no mapa do quiz de acordo com a % correta abaixo.
 

Estatísticas das Respostas

País% Correto
Áustria
100%
Espanha
100%
Itália
100%
Portugal
100%
Rússia
100%
Suíça
100%
Vaticano
100%
Croácia
92%
Polônia
92%
Ucrânia
91%
Grécia
90%
Lituânia
90%
Noruega
90%
França
89%
República
Checa
89%
Países
Baixos
88%
Reino Unido
88%
Mônaco
85%
Irlanda
83%
Liechtenstein
83%
Romênia
83%
Bielorrússia
82%
Finlândia
82%
San Marino
82%
Alemanha
80%
Eslováquia
80%
Hungria
80%
Islândia
80%
Luxemburgo
80%
Letónia
78%
Bélgica
75%
Malta
75%
Suécia
75%
Bulgária
73%
Dinamarca
73%
Estônia
71%
Montenegro
70%
Andorra
69%
Bósnia e
Herzegovina
67%
Kosovo
67%
Macedónia
do Norte
67%
Moldávia
62%
Eslovénia
60%
Sérvia
60%
Albânia
50%

Distribuição das Pontuações

Percentil de Números Respondidos

Porcentagem de Pessoas com Cada Pontuação

Sua Pontuação Histórica

Você não jogou esse quiz